Once Upon a Time: All Characters & Counterparts - Statistics

General Stats
  • This quiz has been taken 433 times
    425 since last reset
  • The average score is 19 of 28
Answer Stats
Hint Answer % Correct
Mary Margaret Blanchard Snow White
99%
David Nolan Prince Charming
98%
Regina Mills The Evil Queen
98%
Killian Jones Captain Hook
90%
Leroy Grumpy
87%
Dr. Archie Hopper Jiminy Cricket
85%
Neal Cassidy Baelfire
83%
August Wayne Booth Pinocchio
83%
Emma Swan The Savior
82%
Lacey French Belle
81%
Mr Gold Rumplestiltskin
80%
Zelena Wicked Witch of the West
80%
Mother Superior Blue Fairy
78%
Ruby Lucas Red Riding Hood/Wolf
74%
Graham Humbert Huntsman
71%
Dr. Whale Dr. Victor Frankenstein
67%
Jefferson Mad Hatter
66%
Sidney Glass Magic Mirror
65%
Granny Granny
64%
Cora Cora/Queen of Hearts
63%
Ashley Boyd Cinderella
61%
Robin Hood Robin Hood
59%
Marco Geppetto
51%
Henry Mills The Author
45%
Nimue The First Dark One
39%
Moe French Sir Maurice
29%
Will Scarlett Knave of Hearts
21%
Sarah Fisher Ingrid/Snow Queen
15%
No matching quizzes found
Score Distribution
Percent of People with Each Score
Percentile by Number Answered
Your Score History
You have not taken this quiz since the last reset